00968nam a2200253 a 450000500170000000800410001704000250005804100080008304400070009109000130009810000360011124501210014726000870026830000110035565000130036665000170037965000260039665000270042265000210044970000350047094200160050599900150052195201780053620171025020001.0140304b1999 ck |||||rm||| 00| 0 spa d aCO-BoIAVHcCO-BoIAVH aspa ack aTEb0096 aMartínez Chaves, Paula Andrea aImportancia de la vegetación en la regulación hídrica del páramo azonal del valle del río Estero, Nariño aPastobUniversidad de Nariño. Facultad de Ciencias Naturales y Matematicasc1999 a103 p. aPáramo aVegetación aFunción ecológica aRegulación hídrica aFitosociología aMeneses Botina, María Jimena cTESIS2z02 c2054d2054 00102ddc40708TESISIINV2017aBogotabBogotad2001-01-29eBaptiste, Luis Guillermol2oTE-0096p002550r2017-10-24 00:00:00s2017-10-24tEj.1w2012-12-04xDonacionyTESIS